El español actual : contribuciones a su estudio : necesidad de una defensa /

Obra en diez volúmenes que tras dos primeros relativos al origen del lenguaje y del idioma español, respectivamente, se centra en las peculiaridades de tal idioma en México y la política lingüística que prevalece en el país, así como su relación con las lenguas indígenas y con la publicidad y los me...

وصف كامل

محفوظ في:
التفاصيل البيبلوغرافية
مؤلف مشترك: Comisión para la Defensa del Idioma Español (México)
التنسيق: كتاب
اللغة:الإسبانية
سلاسل:(Nuestro Idioma ; 7)
الموضوعات:
الوسوم: إضافة وسم
لا توجد وسوم, كن أول من يضع وسما على هذه التسجيلة!

MARC

LEADER 00000nam^a2200000^a^4500
001 000186789
005 20250521000000.0
009 20260310102237.001
037 |a Acervo ITESO - Biblioteca 
041 |a ESP 
082 |a 467.  |b NUE V. 7 
110 |a Comisión para la Defensa del Idioma Español (México) 
245 1 3 |a El español actual :  |b contribuciones a su estudio : necesidad de una defensa /  |c Comisión para la Defensa del Idioma Español (México). 
264 |a México :  |b Secretaría de Educación Pública,  |c 1982 
300 |a 95 p. 
336 |a texto  |b txt  |2 rdacontenido 
337 |a sin mediación  |b n  |2 rdamedio 
338 |a volumen  |b nc  |2 rdasoporte 
440 1 |a (Nuestro Idioma ;  |v 7) 
520 |a Obra en diez volúmenes que tras dos primeros relativos al origen del lenguaje y del idioma español, respectivamente, se centra en las peculiaridades de tal idioma en México y la política lingüística que prevalece en el país, así como su relación con las lenguas indígenas y con la publicidad y los medios de comunicación. Se aborda también la enseñanza y defensa del español, así como sus características en zonas determinadas del país (Frontera Norte) o con hablantes particulares (los niños). 
649 |a XX 
650 |a Relaciones Interculturales -  |z México 
650 |a Aculturación -  |z México 
650 |a Neologismos -  |z México 
650 |a Español en México -  |x Estudio y Enseñanza 
650 |a Lenguas Romances -  |z México 
650 |a Lenguas Indígenas -  |z México 
650 |a Lenguas -  |z México 
650 |a Educación Primaria -  |z México 
650 |a Educación Media Básica -  |z México 
650 |a Sociolingüística 
650 |a Lingüística 
650 |a México -  |x Condiciones Sociales y Culturales 
910 |a Fondo General 
920 |a Impresos - Libros 
930 |a Colección General 
905 |a 101 
901 |a 0500128531  |b IT1  |c ACC  |u 20250521 
902 |a https://opac.biblio.iteso.mx/vufind/Record/000186789